01713nab a22003137a 4500003000400000005001700004008004100021040001100062100002700073245006000100260007300160300001500233500015400248505043900402505008900841650002700930650002600957650002700983650002401010650002501034650002701059650002901086650002701115650002501142650002201167650003701189650002801226773014501254OSt20250221113402.0190603e xxum|||| |||| 00| 0 spa d cPJ-TDF aHernández, Carlos A.10aContratos de larga duración /cCarlos A. Hernández. cCiudad Autónoma de Buenos Aires :aThomson Reuters La Ley, b2024. ap. 115-126 aCita: TR LALEY AR/DOC/1972/2024. Publicado en: R.C.C. y C. 2024 (Septiembre-Octubre). EDICIÓN ESPECIAL: XXIX Jornadas Nacionales de Derecho Civil. aSumario: I. Introducción.— II. Alcances de la categoría de los contratos de larga duración.— III. Los contratos de larga duración en el contexto de la reformulación de la teoría general del contrato.— IV. La regulación de los contratos de larga duración en el Cód. Civ. y Com.— V. La clasificación de los contratos de larga duración: proyección sobre la eficacia y la extinción.— VI. Conclusiones.  t¿Te interesa el texto completo? Solicitalo al correo: koha@justierradelfuego.gov.ar 0aDEFENSA DEL CONSUMIDOR 0aRESPONSABILIDAD CIVIL 0aDEFENSA DEL CONSUMIDOR 0aRELACION DE CONSUMO 0aCONTRATOS DE CONSUMO 0aRESCISION DEL CONTRATO 0aCODIGO CIVIL Y COMERCIAL 0aDEBER DE INFORMACIÓN 0aCONTRATO DE ADHESION 0aDERECHO COMPARADO 0aDECRETOS DE NECESIDAD Y URGENCIA 0aLOCACIÓN DE INMUEBLES0 02713dCiudad Autónoma de Buenos Aires : Thomson Reuters La Ley, 2015-tRevista Código Civil y Comercial. Nº 5 - Septiembre-Octubre 2024